000 01004nam a22002657a 4500
999 _c64854
_d64854
005 20240530110754.0
008 181226s2017 ua f 000 |dara d
017 _a2017/16720
_bمصر. دار الكتب
020 _a9789770934333
040 _aEG-CaGPL
_cEG-CaGPL
082 0 4 _221
_a320.962 /
_bق/م س
100 0 _aمصطفى حجازى
245 1 0 _aسى " زيف " المصرى :
_bمعضلة الحكم فى مصر والعالم العربى /
_cمصطفى حجازى
250 _aط.1
260 _aالقاهرة :
_bدار الشروق ،
_c2017.
300 _a217 ص. ؛
_c24 سم.
650 0 7 _2qrmak
_aالسياسة الخارجية
650 0 7 _2qrmak
_aالاخلاق السياسية
650 0 7 _2qrmak
_aالتخطيط الاقتصادى
650 0 7 _2qrmak
_aالسياسة
_xنظريات
650 0 7 _2qrmak
_aالنظم السياسية
651 0 7 _2qrmak
_aمصر
_xالاحوال السياسية
942 _2ddc
_cBK